NCAA Division 1 Hockey Champions - Statistics

General Stats
  • This quiz has been taken 497 times
    346 since last reset
  • The average score is 61 of 72
Answer Stats
Year Champion Runner Up % Correct
1948 Michigan Dartmouth
97%
1951 Michigan Brown
97%
1952 Michigan Colorado College
97%
1953 Michigan Minnesota
97%
1955 Michigan Colorado College
97%
1956 Michigan Michigan Tech
97%
1964 Michigan Denver
97%
1996 Michigan Colorado College
97%
1998 Michigan Boston College
97%
1974 Minnesota Michigan Tech
97%
1976 Minnesota Michigan Tech
97%
1979 Minnesota North Dakota
97%
2003 Minnesota New Hampshire
97%
2002 Minnesota Maine
95%
1949 Boston College Dartmouth
92%
2001 Boston College North Dakota
92%
2008 Boston College Notre Dame
92%
2010 Boston College Wisconsin
92%
2012 Boston College Ferris State
92%
1958 Denver North Dakota
92%
1960 Denver Michigan Tech
92%
1961 Denver St. Lawrence
92%
1968 Denver North Dakota
92%
1969 Denver Cornell
92%
2004 Denver Maine
92%
2005 Denver North Dakota
92%
2017 Denver Minnesota-Duluth
92%
1959 North Dakota Michigan State
92%
1963 North Dakota Denver
92%
1980 North Dakota Northern Michigan
92%
1982 North Dakota Wisconsin
92%
1987 North Dakota Michigan State
92%
1997 North Dakota Boston University
92%
2000 North Dakota Boston College
92%
2016 North Dakota Qunnipiac
92%
1989 Harvard Minnesota
91%
1993 Maine Lake Superior State
91%
1999 Maine New Hampshire
91%
1973 Wisconsin Denver
91%
1977 Wisconsin Michigan
91%
1981 Wisconsin Minnesota
91%
1983 Wisconsin Harvard
91%
1990 Wisconsin Colgate
91%
2006 Wisconsin Boston College
91%
1966 Michigan State Clarkson
87%
1971 Boston University Minnesota
86%
1972 Boston University Cornell
86%
1978 Boston University Boston College
86%
1995 Boston University Maine
86%
2009 Boston University Miami
86%
1986 Michigan State Harvard
86%
2007 Michigan State Boston College
86%
2018 Minnesota-Duluth Notre Dame
86%
2019 Minnesota-Duluth Massachusetts
86%
2011 Minnesota-Duluth Michigan
85%
2015 Providence Boston University
85%
1967 Cornell Boston University
83%
1970 Cornell Clarkson
83%
1950 Colorado College Boston University
78%
1957 Colorado College Michigan
78%
1962 Michigan Tech Clarkson
75%
1965 Michigan Tech Boston College
75%
1975 Michigan Tech Minnesota
75%
1988 Lake Superior State St. Lawrence
72%
1992 Lake Superior State Wisconsin
72%
1994 Lake Superior State Boston University
72%
2013 Yale Quinnipiac
71%
1991 Northern Michigan Boston University
51%
2014 Union Minnesota
35%
1984 Bowling Green Minnesota-Duluth
29%
1954 RPI Minnesota
29%
1985 RPI Providence
26%
No matching quizzes found
Score Distribution
Percent of People with Each Score
Percentile by Number Answered
Your Score History
You have not taken this quiz since the last reset